| 000 | 00385 a2200169 4500 | ||
|---|---|---|---|
| 001 | 189568 | ||
| 020 | _a978-85-329-0741-7 | ||
| 040 | _cMagnum | ||
| 100 | _aOliveira, Miguel Henrique Nascimento de | ||
| 240 | 1 | 0 |
_aMundo español 1 ano _lpor |
| 245 | 1 | 0 | _aMundo español 1 ano |
| 300 | _a184 | ||
| 362 | 0 | _a2011 | |
| 440 | 1 | _aLê | |
| 697 | _aLITERATURA ESPANHOLA | ||
| 942 | _cBK | ||
| 999 |
_c189568 _d189568 |
||